000
00304nam a22001337a 4500
008
181022b xxu||||| |||| 00| 0 eng d
020
_a
0880480033
041
_a
eng
080
_a
159.9
100
_a
49
101
_a
PSI
245
_a
Psychiatry for Medical Students
_c
Waldinger, R.J
942
_2
udc
_c
BK
999
_c
50486
_d
50486